[Event "Basso Veronese  op-A 3rd"]
[Site "Verona"]
[Date "2010.06.05"]
[Round "4"]
[White "Temporin, Alberto"]
[Black "Bertani, Gianfranco"]
[Result "0-1"]
[WhiteElo "1942"]
[BlackElo "2081"]
[PlyCount "50"]
[EventDate "2010.05.29"]
[EventType "swiss"]
[EventRounds "6"]
[EventCountry "ITA"]
[SourceTitle "EXT 2011"]
[Source "ChessBase"]
[SourceDate "2010.11.26"]
[SourceVersion "1"]
[SourceVersionDate "2010.11.26"]
[SourceQuality "1"]

1. e4 c5 2. Nf3 Nc6 3. Bc4 e6 4. Nc3 a6 5. a4 Qc7 6. 0-0 b6 7. d3 Nge7 8. Bd2 Bb7 9. Qc1 Ng6 10. Ne2 Bd6 11. Bc3 f6 12. Re1 0-0 13. h3 Rae8 14. Bb3 Kh8 15. Kh1 b5 16. Bd2 f5 17. Ng5 c4 18. dxc4 bxc4 19. Bxc4 Nce5 20. Bd3 h6 21. exf5 hxg5 22. fxg6 Rxf2 23. Nc3 Nxd3 24. cxd3 Bxg2+ 25. Kg1 Bh2+ 0-1

[Event "Noale Szabados Memorial-B 3rd"]
[Site "Noale"]
[Date "2010.02.07"]
[Round "5"]
[White "Temporin, Alberto"]
[Black "Ballarin, Gabriele"]
[Result "1-0"]
[WhiteElo "2000"]
[BlackElo "1804"]
[PlyCount "167"]
[EventDate "2010.02.05"]
[EventType "swiss"]
[EventRounds "5"]
[EventCountry "ITA"]
[SourceTitle "EXT 2022"]
[Source "ChessBase"]
[SourceDate "2021.10.06"]
[SourceVersion "1"]
[SourceVersionDate "2021.10.06"]
[SourceQuality "1"]

1. e4 d6 2. Nf3 Nd7 3. Bc4 Ngf6 4. Nc3 c6 5. a4 h6 6. h3 e5 7. d3 Be7 8. Bd2 Qc7 9. 0-0 Nc5 10. b4 Ne6 11. Qc1 b6 12. Ne2 d5 13. exd5 cxd5 14. Bb3 Bb7 15. Qd1 Nd7 16. Ng3 g6 17. c4 d4 18. Re1 Bf6 19. Rc1 Bg7 20. c5 bxc5 21. Bxe6 fxe6 22. Ne4 0-0 23. bxc5 Bc6 24. Nh4 g5 25. Nf3 Rf5 26. Nh2 Rb8 27. Nd6 Rff8 28. Qg4 Bd5 29. Nb5 Qc6 30. h4 Nf6 31. Qh3 Nh7 32. Ng4 Rf5 33. Nd6 h5 34. Nxf5 exf5 35. Nxe5 Bxe5 36. Rxe5 g4 37. Qg3 Rf8 38. Re7 Rf7 39. Rxf7 Kxf7 40. Qd6 Bxg2 41. Qxc6 Bxc6 42. Rb1 Nf8 43. Bf4 Ng6 44. Bg5 Ne5 45. Rb4 Nf3+ 46. Kf1 Ke6 47. a5 Kd5 48. Be7 f4 49. Rb8 Nh2+ 50. Ke2 Ke6 51. Bd6 Bf3+ 52. Ke1 g3 53. fxg3 fxg3 54. Bxg3 Ng4 55. Rf8 Nf6 56. Bd6 Bd5 57. Rc8 a6 58. Rb8 Nd7 59. Rb4 Bc6 60. Rxd4 Nf6 61. Rb4 Nd5 62. Rb8 Ne3 63. Rb6 Kd5 64. Ke2 Nf5 65. Rxa6 Nxh4 66. Rb6 Nf5 67. Rb8 Nd4+ 68. Kf2 Bb5 69. Ke3 Ba6 70. Rh8 Nc2+ 71. Kd2 Nb4 72. Rxh5+ Kc6 73. d4 Nd5 74. Bb8 Bc4 75. Ba7 Kb7 76. Bb6 Kc6 77. Rh6+ Kb7 78. c6+ Ka6 79. Rh7 Nxb6 80. axb6 Kxb6 81. Rh6 Bd5 82. Rd6 Bh1 83. d5 Kc5 84. c7 1-0

[Event "Noale Szabados Memorial-B 3rd"]
[Site "Noale"]
[Date "2010.02.07"]
[Round "4"]
[White "Viviani, Bruno"]
[Black "Temporin, Alberto"]
[Result "0-1"]
[WhiteElo "1621"]
[BlackElo "2000"]
[PlyCount "32"]
[EventDate "2010.02.05"]
[EventType "swiss"]
[EventRounds "5"]
[EventCountry "ITA"]
[SourceTitle "EXT 2022"]
[Source "ChessBase"]
[SourceDate "2021.10.06"]
[SourceVersion "1"]
[SourceVersionDate "2021.10.06"]
[SourceQuality "1"]

1. d4 d5 2. Nc3 e6 3. e4 dxe4 4. Nxe4 Be7 5. Nf3 Nf6 6. Bd3 0-0 7. Bf4 Nbd7 8. Qd2 c5 9. Rd1 cxd4 10. Nxd4 e5 11. Nxf6+ Bxf6 12. Ne2 exf4 13. Bb5 Ne5 14. Qxf4 Qa5+ 15. Nc3 Ng6 16. Qc4 a6 0-1

[Event "Noale Szabados Memorial-B 3rd"]
[Site "Noale"]
[Date "2010.02.05"]
[Round "1"]
[White "Temporin, Alberto"]
[Black "Coppo, Gianni"]
[Result "1/2-1/2"]
[WhiteElo "2000"]
[BlackElo "1719"]
[PlyCount "80"]
[EventDate "2010.02.05"]
[EventType "swiss"]
[EventRounds "5"]
[EventCountry "ITA"]
[SourceTitle "EXT 2022"]
[Source "ChessBase"]
[SourceDate "2021.10.06"]
[SourceVersion "1"]
[SourceVersionDate "2021.10.06"]
[SourceQuality "1"]

1. e4 c5 2. Nf3 d6 3. Nc3 Nf6 4. h3 e6 5. d4 cxd4 6. Nxd4 Be7 7. Bc4 0-0 8. 0-0 Nc6 9. Be3 a6 10. a4 Bd7 11. Nde2 Rc8 12. Ba2 Qa5 13. Bb3 Rfd8 14. Bd2 Qc7 15. Ng3 Na5 16. Ba2 Nc4 17. Bxc4 Qxc4 18. Qe2 d5 19. exd5 Nxd5 20. Nxd5 Qxd5 21. Bc3 Bc6 22. f3 Bd6 23. Ne4 Bc7 24. Rfd1 Qf5 25. g4 Qf4 26. Bd2 Rxd2 27. Rxd2 f5 28. Nc3 Re8 29. Rd3 h5 30. Rf1 hxg4 31. hxg4 fxg4 32. Qd2 Bb6+ 33. Kh1 Qf5 34. Nd1 Rf8 35. Ne3 Bxf3+ 36. Kg1 g3 37. a5 Ba7 38. Rd8 Bxe3+ 39. Qxe3 Rxd8 40. Rxf3 Qh3 1/2-1/2

[Event "Padova/Monselice Province 70th"]
[Site "Padova"]
[Date "2010.01.16"]
[Round "3.3"]
[White "Temporin, Alberto"]
[Black "Cesaro, Samuele"]
[Result "1-0"]
[WhiteElo "2000"]
[BlackElo "1350"]
[PlyCount "37"]
[EventDate "2010.01.15"]
[EventType "swiss"]
[EventRounds "5"]
[EventCountry "ITA"]
[SourceTitle "EXT 2024"]
[Source "ChessBase"]
[SourceDate "2023.10.10"]
[SourceVersion "1"]
[SourceVersionDate "2023.10.10"]
[SourceQuality "1"]

1. e4 d5 2. exd5 c6 3. d4 Nf6 4. Nf3 Bf5 5. dxc6 Nxc6 6. c3 Qb6 7. Bd3 Bxd3 8. Qxd3 Rd8 9. Qe2 Rd5 10. 0-0 h6 11. Be3 Ng4 12. Na3 g5 13. h3 h5 14. hxg4 hxg4 15. Nxg5 Nxd4 16. Bxd4 Rxd4 17. cxd4 Qh6 18. Qb5+ Kd8 19. Nxf7+ 1-0

[Event "Monselice Province-ch"]
[Site "Monselice"]
[Date "2009.01.10"]
[Round "2"]
[White "Temporin, Alberto"]
[Black "Schoonhoven, Edger"]
[Result "1/2-1/2"]
[WhiteElo "2005"]
[BlackElo "1518"]
[PlyCount "79"]
[EventDate "2009.01.09"]
[EventType "swiss"]
[EventRounds "7"]
[EventCountry "ITA"]
[SourceTitle "EXT 2011"]
[Source "ChessBase"]
[SourceDate "2010.11.26"]
[SourceVersion "1"]
[SourceVersionDate "2010.11.26"]
[SourceQuality "1"]

1. e4 c5 2. Nf3 e6 3. Nc3 Nc6 4. Bc4 a6 5. a4 Nf6 6. d3 d5 7. exd5 exd5 8. Ba2 h6 9. h3 Be6 10. Bf4 Bd6 11. Bxd6 Qxd6 12. 0-0 0-0 13. Ne2 Nb4 14. Bb3 b5 15. c3 Nxd3 16. Qxd3 c4 17. Qd1 cxb3 18. Ned4 b4 19. Qxb3 bxc3 20. Qxc3 Rfc8 21. Qa3 Qxa3 22. Rxa3 Rab8 23. Ra2 Ne4 24. Re1 Rb4 25. b3 Rc3 26. Raa1 g5 27. Rac1 Rd3 28. Red1 Rxd1+ 29. Rxd1 h5 30. Ne5 g4 31. hxg4 hxg4 32. Rd3 Nc5 33. Rd1 Nxb3 34. Nxe6 fxe6 35. Rb1 Re4 36. Nd7 Nd2 37. Rb8+ Kf7 38. Rb7 Kg6 39. Nc5 Re1+ 40. Kh2 1/2-1/2

[Event "Basso Veronese op 1st"]
[Site "Casaleone"]
[Date "2008.11.23"]
[Round "5"]
[White "Lazic, Miroljub"]
[Black "Temporin, Alberto"]
[Result "1-0"]
[WhiteElo "2472"]
[BlackElo "1892"]
[PlyCount "57"]
[EventDate "2008.11.15"]
[EventType "swiss"]
[EventRounds "6"]
[EventCountry "ITA"]
[SourceTitle "EXT 2011"]
[Source "ChessBase"]
[SourceDate "2010.11.26"]
[SourceVersion "1"]
[SourceVersionDate "2010.11.26"]
[SourceQuality "1"]

1. Nf3 Nf6 2. g3 b6 3. Bg2 Bb7 4. 0-0 g6 5. d4 d5 6. c4 e6 7. Nc3 Bg7 8. cxd5 exd5 9. Bf4 a6 10. Qa4+ Nbd7 11. Ne5 b5 12. Qb3 c6 13. e4 Nxe5 14. Bxe5 0-0 15. exd5 Nxd5 16. Ne4 Bc8 17. Rac1 Qb6 18. Nc3 Nxc3 19. Qxc3 Bxe5 20. dxe5 Bd7 21. Rfd1 Rfd8 22. Rd6 Rac8 23. b4 Be8 24. Bh3 Rxd6 25. exd6 Rd8 26. Qf6 Bd7 27. Bxd7 Rxd7 28. Re1 Rd8 29. d7 1-0

[Event "PD-RO Province-ch"]
[Site "Monselice"]
[Date "2008.01.13"]
[Round "5"]
[White "Rosina, Graziano"]
[Black "Temporin, Alberto"]
[Result "0-1"]
[WhiteElo "1776"]
[BlackElo "1865"]
[PlyCount "100"]
[EventDate "2008.01.11"]
[EventType "swiss"]
[EventRounds "5"]
[EventCountry "ITA"]
[SourceTitle "EXT 2010"]
[Source "ChessBase"]
[SourceDate "2010.11.25"]
[SourceVersion "1"]
[SourceVersionDate "2010.11.25"]
[SourceQuality "1"]

1. e4 e5 2. Nc3 Nc6 3. Nf3 Nf6 4. Bb5 Bc5 5. Nxe5 Nxe5 6. d4 Bxd4 7. Qxd4 Nc6 8. Bxc6 dxc6 9. Qxd8+ Kxd8 10. Bg5 h6 11. Bxf6+ gxf6 12. 0-0-0+ Ke7 13. f3 Be6 14. h3 Rad8 15. g4 Rxd1+ 16. Rxd1 h5 17. Rf1 hxg4 18. hxg4 Rh2 19. b3 Kd6 20. Kd1 Kc5 21. Ne2 Kb4 22. Kd2 Ka3 23. Kd3 Kxa2 24. Nc3+ Ka3 25. Ra1+ Kb4 26. Rxa7 b5 27. Rxc7 Kc5 28. Ra7 Rf2 29. Ke3 Rxc2 30. Kd3 Rb2 31. e5 Rxb3 32. Kc2 Kd4 33. Ne4 Rxf3 34. Nxf6 Kxe5 35. g5 Rg3 36. Nd7+ Kf5 37. Nb8 Bd5 38. Rc7 Rg4 39. Kd3 Kxg5 40. Rc8 Rc4 41. Nd7 Kf4 42. Rh8 Be4+ 43. Ke2 f5 44. Rh4+ Kg5 45. Rh8 Rc2+ 46. Ke3 Kg6 47. Kf4 Kg7 48. Rb8 Rf2+ 49. Ke5 Re2 50. Nf6 Bd5+ 0-1